000
00331nam a22001457a 4500
003
SGT
020
_a
978-93-325-7541-7
082
_a
616.01
_b
TOR
100
_a
TORTORA, GERARD J.
245
_a
MICROBIOLOGY IN INTRODUCTION
260
_a
INDIA
_b
PEARSON PUB.
_c
2018
300
_a
975
650
_a
MICROBIOLOGY
942
_2
ddc
_c
BK
999
_c
32412
_d
32412